00614nam a22001577a 450000500170000001000150001702000260003203500140005803700090007208200080008110000210008924501740011026000330028427000930031730000460041020220216105651.0 aENG-131616 a9788190995054c995.00 aEN-115148 bDBAD a160 aVarghese, Mathew aNagarjuna and The Art of Negation:bDiscerning Subjectivity, Emptiness, Transcendental Ethics, Terralemma Logic, Binary Logic, Self-Being and Negations/cMathew Varghese aNew DelhibVikram Jainc2020 a68, Medical Association Road, Darya GanjbNew Delhie110002mvikramjain@sanctumbooks.com axv, 255p.bBibliography, Indexc22cm(hbk)